000 01089cam a2200349Ia 4500
001 53677
005 20230410120908.0
008 040130s2003 deu b 001 0 eng
035 _a(OCoLC)ocm54113247
040 _aZNM
_cZNM
_dOCLCQ
_dVCB
_dBAKER
_dYDXCP
_dCASSC
020 _a1882926994
020 _a9781882926992
029 1 _aYDXCP
_b1929759
035 _a(OCoLC)54113247
050 1 4 _aL901
_bC56 2002
050 1 4 _aJA81
_bK55 2003
082 0 4 _a378.73
_221
082 0 4 _a320.09
_222
100 1 _aKirk, Russell.
245 1 4 _aThe roots of American order /
_cRussell Kirk ; with a new forward by Forrest McDonald.
250 _a4th ed.
260 _aWilmington, De. :
_bIsi Books,
_cc2003.
300 _axx, 534 p. ;
_c23 cm.
504 _aIncludes bibliographical references and index.
650 0 _aPolitical science
_xHistory.
650 0 _aLaw
_xHistory.
700 1 _aMcDonald, Forrest.
938 _aBaker & Taylor
_bBKTY
_c18.00
_d22.95
_i1882926994
_n0004125503
_sactive
938 _aYBP Library Services
_bYANK
_n1929759
942 _2lcc
_cbk
994 _aC0
_bDRFGD
999 _c53938
_d53938